Interstellar. (Record no. 492)

MARC details
000 -LEADER
fixed length control field 01471nam a2200217 a 4500
005 - DATE AND TIME OF LATEST TRANSACTION
control field 20260322212022.0
008 - FIXED-LENGTH DATA ELEMENTS--GENERAL INFORMATION
fixed length control field data
020 ## - INTERNATIONAL STANDARD BOOK NUMBER
International Standard Book Number 9780111745830
099 ## - LOCAL FREE-TEXT CALL NUMBER (OCLC)
Classification number DVD 893
001 - CONTROL NUMBER
control field data
100 1# - MAIN ENTRY--PERSONAL NAME
Personal name Nolan, Christopher,
Dates associated with a name 1970-
245 10 - TITLE STATEMENT
Title Interstellar.
Statement of responsibility, etc. directed by Christopher Nolan ; written by Jonathan Nolan and Christopher Nolan ; produced by Emma Thomas ; produced by Christopher Nolan ; produced by Lynda Obst ; a Paramount Pictures and Warner Bros. Pictures presention ; in association with Legendary Pictures ; a Syncopy/Lynda Obst Productions production ; a film by Christopher Nolan. Music, Hans Zimmer ; editor, Lee Smith ; director of photography, Hoyte van Hoytema.
260 ## - PUBLICATION, DISTRIBUTION, ETC.
Place of publication, distribution, etc. Hollywood, CA :
Name of publisher, distributor, etc. Paramount Pictures Corporation; Warner Bros. Pictures,
Date of publication, distribution, etc. 2015.
300 ## - PHYSICAL DESCRIPTION
Extent 1 videodisc (168 min.) : sound, color ;
Other physical details 4 3/4 in.
500 ## - GENERAL NOTE
General note Matthew McConaughey, Anne Hathaway, Jessica Chastain, Bill Irwin, Ellen Burstyn, Michael Caine./ Originally released as a motion picture in 2014./ Wide screen./ Audience: MPAA rating: PG-13; for some intense perilous action and brief strong language.
520 ## - SUMMARY, ETC.
Summary, etc. With our time on Earth coming to an end, a team of explorers undertakes the most important mission in human history; traveling beyond this galaxy to discover whether mankind has a future among the stars.
650 #0 - SUBJECT ADDED ENTRY--TOPICAL TERM
Topical term or geographic name entry element Adventure films
650 #0 - SUBJECT ADDED ENTRY--TOPICAL TERM
Topical term or geographic name entry element Science fiction films
700 1# - ADDED ENTRY--PERSONAL NAME
Personal name McConaughey, Matthew,
Dates associated with a name 1969-
700 1# - ADDED ENTRY--PERSONAL NAME
Personal name Hathaway, Anne,
Dates associated with a name 1982-
Holdings
Withdrawn status Lost status Damaged status Not for loan Home library Current library Shelving location Date acquired Total checkouts Full call number Barcode Date last seen Price effective from Koha item type
        Franklin Franklin General stacks 22/03/2026   GEN BC0010503 22/03/2026 22/03/2026 Books